000 01476nam a2200337 i 4500
003 EG-GICUC
005 20260204074721.0
008 260121s2004 ua ||||fr|||| 00| 0 ara d
040 _a EG-GICUC
_bara
_c EG-GICUC
_d EG-GICUC
_erda
041 1 _aara
082 0 4 _221
_a352.106
_bأ ح . د
092 0 4 _221
099 _aLaw1 09 352.106 أ ح . د 2004
100 0 _aأحمد عبد الحق بدران
_eمؤلف.
245 1 2 _aالدولة في عالم متغير :
_bاوراق المكون الإداري من المشروع البحثي المشترك/
_cدكتور أحمد عبد الحق بدران
264 1 _aالقاهرة:
_bمركز البحوث و الدراسات الاقتصاديةو المالية ،
_c2004.
300 _a31 صفحة ؛
_c24 سم
336 _2rda content
_atext
337 _2rda media
_aComputer
338 _2rda carrier
_aOnline Resource
490 _aتطوير أداء المنظمات العامة باستخدام مدخل إدارة الجودة الشاملة
_v8
504 _a. 31-30ببليوجرافيا: صفحات.
546 _aالنص أغلبه باللغة العربية بعض النصوص الإنجليزية والفرنسية
650 1 4 _aالإدارة العامة
_2qrmak
650 1 4 _aالإدارة
651 1 _2qrmak
700 _aسلوي شعراوي جمعة
_eمقدم.
856 4 0 _uhttps://fll.law.cu.edu.eg/fulltext/bks/B09-00121.pdf
905 _a74
942 _2ddc
_n0
_cBK
_e21
999 _c58328
_d58328